[Event "14. Bayer Open"]
[Site "Leverkusen"]
[Date "2016.01.18"]
[Round "2.32"]
[White "Müller, Horst"]
[Black "Schmuck, Markus"]
[Result "0-1"]
[WhiteElo "1487"]
[BlackElo "1931"]
[PlyCount "86"]
[EventDate "2016.??.??"]
[WhiteTeam "SV Springer Hitdorf"]
[BlackTeam "vereinlos"]

1. c4 Nf6 2. Nc3 e5 3. Nf3 Nc6 4. e4 d6 5. d4 exd4 6. Nxd4 h6 7. Be2 Be7 8. O-O
O-O 9. f4 Nxd4 10. Qxd4 c6 11. Be3 Bg4 12. Rad1 Qa5 13. f5 Bxe2 14. Nxe2 Ng4
15. Bf4 Rad8 16. Bd2 Qc7 17. g3 Bf6 18. Qd3 Bxb2 19. Qf3 Nf6 20. g4 Qe7 21. g5
hxg5 22. Bxg5 Qxe4 23. Qxe4 Nxe4 24. Bxd8 Rxd8 25. Rf4 Re8 26. Ng3 Nf6 27. Rf3
b6 28. a4 d5 29. cxd5 Nxd5 30. h4 Bf6 31. h5 Kf8 32. Rc1 c5 33. Rd3 Bd4+ 34.
Kh2 Re5 35. Rf3 Ke7 36. Rc2 Kf6 37. Re2 Nc3 38. Rxc3 Bxc3 39. Ne4+ Rxe4 40.
Rxe4 Be5+ 41. Kg2 Kxf5 42. Kf3 a6 43. Rg4 b5 0-1

[Event "14. Bayer Open"]
[Site "Leverkusen"]
[Date "2016.01.18"]
[Round "2.33"]
[White "Axmann, Michael"]
[Black "Klees, Robert"]
[Result "1-0"]
[WhiteElo "1741"]
[BlackElo "1349"]
[PlyCount "59"]
[EventDate "2016.??.??"]
[WhiteTeam "SC Bayer Leverkusen"]
[BlackTeam "SF Düsseldorf-Süd"]

1. d4 c5 2. e3 cxd4 3. exd4 Nf6 4. Nf3 e6 5. Bd3 Nc6 6. c3 Qc7 7. O-O d5 8. Re1
Bd6 9. Bg5 Nd7 10. Nbd2 Nf8 11. c4 h6 12. Be3 Nb4 13. Bf1 Ng6 14. a3 Nc6 15.
Rc1 O-O 16. b4 Bf4 17. b5 Bxe3 18. Rxe3 Nce7 19. cxd5 Qd8 20. dxe6 Bxe6 21. Ne4
Nf5 22. Re1 b6 23. Bc4 Nf4 24. Ng3 Nxg3 25. hxg3 Nd5 26. Ne5 Qg5 27. Qb3 Rac8
28. Nc6 a5 29. Bxd5 Bxd5 30. Qxd5 1-0

[Event "14. Bayer Open"]
[Site "Leverkusen"]
[Date "2016.01.18"]
[Round "2.34"]
[White "Ljuboschiz, Alexander"]
[Black "Weirich, Ralf"]
[Result "1-0"]
[WhiteElo "2040"]
[BlackElo "1229"]
[PlyCount "47"]
[EventDate "2016.??.??"]
[WhiteTeam "SC Tornado Hochneukirch"]
[BlackTeam "TV Witzhelden"]

1. e4 e5 2. Nf3 Nc6 3. Bc4 Nf6 4. d3 Bc5 5. c3 d6 6. O-O Be6 7. Bxe6 fxe6 8.
Qb3 Na5 9. Qxe6+ Qe7 10. Qxe7+ Kxe7 11. b4 Bxf2+ 12. Rxf2 Nc6 13. Bg5 Ke6 14.
Bxf6 gxf6 15. Nbd2 b5 16. a4 a6 17. Nb3 Ne7 18. Rfa2 Rag8 19. axb5 axb5 20. Ra7
c6 21. d4 Rg4 22. dxe5 dxe5 23. Nc5+ Kf7 24. Rf1 1-0

[Event "14. Bayer Open"]
[Site "Leverkusen"]
[Date "2016.01.18"]
[Round "2.35"]
[White "Jacobi, Bernd"]
[Black "Linke, Michael"]
[Result "0-1"]
[WhiteElo "1465"]
[BlackElo "1792"]
[PlyCount "47"]
[EventDate "2016.??.??"]
[WhiteTeam "Langenfelder SF"]
[BlackTeam "Ford SF Köln"]

1. d4 Nf6 2. c3 g6 3. Nf3 Bg7 4. e3 O-O 5. Bd3 d6 6. O-O Nbd7 7. Nbd2 e5 8. Qc2
Re8 9. dxe5 dxe5 10. e4 Nc5 11. Bc4 Nh5 12. b4 Ne6 13. Re1 Nef4 14. Nf1 Bg4 15.
Be2 Nxe2+ 16. Qxe2 Qd6 17. h3 Bxf3 18. Qxf3 Rad8 19. Nh2 Qd3 20. Qxd3 Rxd3 21.
Re3 Rd1+ 22. Nf1 Bh6 23. g3 Bxe3 24. fxe3 0-1

[Event "14. Bayer Open"]
[Site "Leverkusen"]
[Date "2016.01.18"]
[Round "2.36"]
[White "Kaspar, Uwe"]
[Black "Becker, Johann"]
[Result "1-0"]
[WhiteElo "1849"]
[BlackElo "1506"]
[PlyCount "71"]
[EventDate "2016.??.??"]
[WhiteTeam "Düsseldorfer SK"]
[BlackTeam "TV Witzhelden"]

1. e4 c5 2. Nf3 Nc6 3. d3 g6 4. Nbd2 Bg7 5. g3 e6 6. Bg2 Nge7 7. O-O O-O 8. Re1
Qc7 9. c3 e5 10. Nc4 d6 11. a4 Be6 12. Ne3 f5 13. Ng5 Bd7 14. Qb3+ Kh8 15. Nf7+
Rxf7 16. Qxf7 Rf8 17. Qb3 f4 18. Nd5 Nxd5 19. exd5 Ne7 20. d4 f3 21. Bf1 Qc8
22. dxc5 dxc5 23. c4 Nf5 24. Be3 Nd4 25. Bxd4 cxd4 26. Ra3 Bh3 27. Qd3 Qd7 28.
Kh1 Bg4 29. Qd1 b6 30. h3 Bxh3 31. Rxf3 Bf5 32. Bg2 Re8 33. Ra3 Bf8 34. Ra1 Bb4
35. Rxe5 Rxe5 36. Qxd4 1-0

[Event "14. Bayer Open"]
[Site "Leverkusen"]
[Date "2016.01.18"]
[Round "2.37"]
[White "Seelig, Jochen"]
[Black "Hertling, Jürgen"]
[Result "0-1"]
[WhiteElo "1312"]
[BlackElo "1645"]
[PlyCount "34"]
[EventDate "2016.??.??"]
[WhiteTeam "SF Schlebusch"]
[BlackTeam "SF Köln-Mülheim"]

1. Nf3 d5 2. b3 c6 3. Bb2 Nf6 4. e3 Bf5 5. d3 e6 6. Nbd2 Be7 7. c4 O-O 8. Qc2
Nbd7 9. e4 dxe4 10. dxe4 Nxe4 11. Nxe4 Bb4+ 12. Ke2 Nc5 13. Bxg7 Bxe4 14. Rd1
Bxc2 15. Rxd8 Rfxd8 16. Bf6 Rd3 17. Be7 Bd1# 0-1

[Event "14. Bayer Open"]
[Site "Leverkusen"]
[Date "2016.01.18"]
[Round "2.39"]
[White "van Kempen, Susanne"]
[Black "Kreutzmann, Duke"]
[Result "1/2-1/2"]
[WhiteElo "1463"]
[BlackElo "1723"]
[PlyCount "65"]
[EventDate "2016.??.??"]
[WhiteTeam "SV Opladen"]
[BlackTeam "Düsseldorfer SK"]

1. e4 e6 2. d4 d5 3. exd5 exd5 4. Bd3 c5 5. c3 Nf6 6. Ne2 Be7 7. O-O O-O 8. h3
Nc6 9. Be3 cxd4 10. Nxd4 Re8 11. Nd2 a6 12. N2f3 Bd6 13. Nf5 Bc7 14. Qc2 Be6
15. N5d4 Qd7 16. Nxe6 fxe6 17. Nd4 e5 18. Bf5 Qd6 19. Nb3 d4 20. Rad1 e4 21. g3
d3 22. Qd2 Ne5 23. Nd4 Bb6 24. Kg2 Nf3 25. Nxf3 exf3+ 26. Kh2 Bxe3 27. fxe3 Qc6
28. Qxd3 Rad8 29. Qc2 Rxd1 30. Qxd1 Rxe3 31. Rf2 Qb6 32. Qb3+ Qxb3 33. axb3
1/2-1/2

[Event "14. Bayer Open"]
[Site "Leverkusen"]
[Date "2016.01.18"]
[Round "2.40"]
[White "Henseler, Klaus"]
[Black "Hartmann, Stephan"]
[Result "1-0"]
[WhiteElo "1825"]
[BlackElo "1608"]
[PlyCount "55"]
[EventDate "2016.??.??"]
[WhiteTeam "SC Bayer Leverkusen"]
[BlackTeam "SG Idstein"]

1. c4 c5 2. g3 Nf6 3. Bg2 Nc6 4. Nc3 e6 5. e4 e5 6. Nge2 Be7 7. O-O O-O 8. d3
d6 9. h3 Bd7 10. Be3 Nd4 11. f4 a6 12. f5 b5 13. Qd2 b4 14. Nd1 Nxe2+ 15. Qxe2
h6 16. Nf2 Nh7 17. h4 f6 18. Bf3 Be8 19. Nh3 Kh8 20. Kf2 Rg8 21. Qd2 Bf8 22.
Rg1 g5 23. fxg6 Bxg6 24. Ke2 Qd7 25. Nf2 h5 26. Rg2 f5 27. exf5 Bxf5 28. Bxa8
1-0

[Event "14. Bayer Open"]
[Site "Leverkusen"]
[Date "2016.01.18"]
[Round "2.42"]
[White "Reif, Frank"]
[Black "Yon, Gregory"]
[Result "1-0"]
[WhiteElo "1775"]
[BlackElo "1426"]
[PlyCount "77"]
[EventDate "2016.??.??"]
[WhiteTeam "TV Witzhelden"]
[BlackTeam "Bergische SF"]

1. e4 e5 2. Nf3 Nc6 3. d4 exd4 4. Nxd4 Nxd4 5. Qxd4 d6 6. Nc3 Qf6 7. Qd3 c6 8.
h4 Be7 9. Be2 Bd7 10. Be3 Nh6 11. f3 Qe5 12. O-O-O f5 13. Kb1 Qa5 14. Bg5 Nf7
15. Bxe7 Kxe7 16. f4 Be6 17. Qd2 Qd8 18. exf5 Bxf5 19. g4 Bd7 20. Bf3 Qf8 21.
Ne4 d5 22. Nc5 Nd6 23. f5 b6 24. Rhe1+ Kd8 25. Ne6+ Bxe6 26. Rxe6 Kd7 27. Bxd5
cxd5 28. Qxd5 Kc7 29. Rxd6 Rd8 30. Qc6+ Kb8 31. Rxd8+ Qxd8 32. Rxd8+ Rxd8 33.
Kc1 Rc8 34. Qd6+ Kb7 35. g5 Rc6 36. Qd5 a6 37. f6 gxf6 38. gxf6 Kc7 39. Qxc6+
1-0

[Event "14. Bayer Open"]
[Site "Leverkusen"]
[Date "2016.01.18"]
[Round "2.43"]
[White "Longerich, Hans-Peter"]
[Black "Gülden, Ralf"]
[Result "0-1"]
[WhiteElo "1458"]
[BlackElo "1564"]
[PlyCount "80"]
[EventDate "2016.??.??"]
[WhiteTeam "SC Bayer Leverkusen"]
[BlackTeam "Königsspringer Leverkusen"]

1. e4 c5 2. c3 d6 3. d4 cxd4 4. cxd4 g6 5. Nf3 Bg7 6. Be3 Nf6 7. Bd3 O-O 8. h3
Nc6 9. O-O Nb4 10. Nc3 Nxd3 11. Qxd3 b6 12. Rfe1 Bb7 13. Rad1 Rc8 14. Bf4 Nd7
15. Qe3 Nf6 16. Bh6 Qe8 17. Bxg7 Kxg7 18. Nh4 b5 19. d5 a6 20. Rd2 b4 21. Ne2
Rc4 22. Nd4 Qc8 23. Rdd1 Qc7 24. Rc1 Rc8 25. Rxc4 Qxc4 26. Nhf3 Qxa2 27. b3 Qa5
28. Qg5 Qd8 29. Nf5+ Kh8 30. Nh6 Qf8 31. Qd2 a5 32. Ng5 Qg7 33. Nhxf7+ Kg8 34.
Nh6+ Qxh6 35. e5 dxe5 36. Rxe5 Rd8 37. Rxe7 Rxd5 38. Qe2 Qxg5 39. Qe6+ Kh8 40.
Qf7 Rd1+ 0-1

[Event "14. Bayer Open"]
[Site "Leverkusen"]
[Date "2016.01.18"]
[Round "2.44"]
[White "Meul, Willi"]
[Black "Kinnert, Reinhard"]
[Result "1-0"]
[WhiteElo "1744"]
[BlackElo "1495"]
[PlyCount "95"]
[EventDate "2016.??.??"]
[WhiteTeam "SV Hürth-Berrenrath"]
[BlackTeam "TV Witzhelden"]

1. d4 e6 2. Nf3 Nf6 3. e3 c5 4. Bd3 Nc6 5. c3 a6 6. Nbd2 b5 7. O-O c4 8. Bc2
Bb7 9. e4 Ne7 10. Re1 Qb6 11. Qe2 Ng6 12. Nf1 h6 13. h3 Be7 14. Ng3 Qc7 15. Bd2
Kd8 16. Rad1 Qa5 17. a3 Qc7 18. Nh2 h5 19. e5 Qc6 20. f3 Nd5 21. Be4 Qb6 22.
Qf2 Bh4 23. f4 f5 24. exf6 Nxf6 25. Bxg6 Rh6 26. Bc2 Nd5 27. Nf3 Bf6 28. f5 Rh8
29. Ng5 Kc8 30. fxe6 dxe6 31. Rxe6 Qc7 32. Bf5 Kb8 33. N3e4 Ka7 34. Nc5 Bc8 35.
Re2 Bxg5 36. Bxg5 Rf8 37. Re5 g6 38. Rxd5 Rxf5 39. Rxf5 Bxf5 40. Re1 Kb6 41.
Re7 Qd6 42. Qe3 Qc6 43. Qe5 Bxh3 44. gxh3 Ka5 45. Qc7+ Qxc7 46. Rxc7 Kb6 47.
Re7 Rf8 48. Nd7+ 1-0

[Event "14. Bayer Open"]
[Site "Leverkusen"]
[Date "2016.01.18"]
[Round "2.45"]
[White "Wotzka, Anton"]
[Black "Hoeper, Heinz-Joachim"]
[Result "1-0"]
[WhiteElo "1507"]
[BlackElo "1485"]
[PlyCount "81"]
[EventDate "2016.??.??"]
[WhiteTeam "SF Schlebusch"]
[BlackTeam "Pulheimer SC"]

1. e4 c5 2. Nf3 e6 3. d4 cxd4 4. Nxd4 Nc6 5. Nc3 Nge7 6. Ndb5 d5 7. exd5 exd5
8. Bf4 Be6 9. Nc7+ Kd7 10. Nxa8 Qxa8 11. Bc4 d4 12. Bxe6+ fxe6 13. O-O Ng6 14.
Bg3 h5 15. h3 Be7 16. Nb5 e5 17. f4 a6 18. Nc3 exf4 19. Bxf4 Nxf4 20. Rxf4 Qa7
21. Ne4 g5 22. Rf1 Ne5 23. Kh1 g4 24. Qe2 gxh3 25. gxh3 Qb6 26. b3 Qe6 27. Qh2
Qd5 28. Qg2 Ke6 29. Rad1 Rf8 30. Rxf8 Bxf8 31. Ng5+ Kd6 32. Qxd5+ Kxd5 33. Kg2
h4 34. Nf3 Nxf3 35. Kxf3 Bg7 36. Rg1 Be5 37. Rg5 Ke6 38. Ke4 Bf6 39. Rg8 Kf7
40. Rb8 b5 41. Rb7+ 1-0

[Event "14. Bayer Open"]
[Site "Leverkusen"]
[Date "2016.01.18"]
[Round "2.46"]
[White "Hoffmann, Michael"]
[Black "Hoferichter, Michael"]
[Result "1-0"]
[WhiteElo "1698"]
[BlackElo "1375"]
[PlyCount "43"]
[EventDate "2016.??.??"]
[WhiteTeam "SG Neuss"]
[BlackTeam "Klub Kölner SF"]

1. d4 d5 2. c4 c6 3. Nc3 dxc4 4. e4 b5 5. a4 b4 6. Nce2 Nf6 7. Ng3 Ba6 8. Nf3
e6 9. Bg5 h6 10. Bf4 Qa5 11. Rc1 b3+ 12. Bd2 Bb4 13. Bxc4 Qxa4 14. Ra1 Bxd2+
15. Nxd2 Qb4 16. Bxa6 Qxd4 17. Bb7 Ng4 18. O-O Ne5 19. Nxb3 Qxd1 20. Rfxd1 O-O
21. Bxa8 Nbd7 22. Rxa7 1-0

[Event "14. Bayer Open"]
[Site "Leverkusen"]
[Date "2016.01.18"]
[Round "2.47"]
[White "Ipekyilmaz, Mert"]
[Black "Kronseder, Michael"]
[Result "1/2-1/2"]
[WhiteElo "1427"]
[BlackElo "1685"]
[PlyCount "36"]
[EventDate "2016.??.??"]
[WhiteTeam "Langenfelder SF"]
[BlackTeam "SV Hürth-Berrenrath"]

1. e4 c5 2. d4 cxd4 3. c3 Nf6 4. e5 Nd5 5. cxd4 d6 6. Nf3 e6 7. Bc4 Nb6 8. Bb5+
Bd7 9. Bxd7+ Qxd7 10. Nc3 Nc6 11. b3 dxe5 12. dxe5 Qxd1+ 13. Kxd1 Rd8+ 14. Ke2
Bb4 15. Bb2 Ke7 16. Rad1 Rd7 17. Rxd7+ Nxd7 18. Ne4 Rd8 1/2-1/2

[Event "14. Bayer Open"]
[Site "Leverkusen"]
[Date "2016.01.18"]
[Round "2.48"]
[White "Baier, Uwe"]
[Black "Azimi, Reza"]
[Result "1-0"]
[WhiteElo "1686"]
[BlackElo "1366"]
[PlyCount "147"]
[EventDate "2016.??.??"]
[WhiteTeam "SF Schlebusch"]
[BlackTeam "Schachuzipus Köln-Mülheim"]

1. e4 c5 2. Nc3 e6 3. f4 a6 4. Nf3 Nc6 5. Be2 b5 6. O-O Nd4 7. d3 Bb7 8. Be3
Nxf3+ 9. Bxf3 d6 10. Qe1 g6 11. f5 Bg7 12. Qf2 Nf6 13. Rae1 O-O 14. Kh1 exf5
15. exf5 Bxf3 16. Qxf3 Rc8 17. Qh3 d5 18. Bg5 Qd6 19. Qh4 Rce8 20. Ne2 d4 21.
Ng1 Nd5 22. Rxe8 Rxe8 23. f6 Bf8 24. Nh3 Ne3 25. Bxe3 Rxe3 26. Ng5 h5 27. Ne4
Qe5 28. Rg1 Bh6 29. g4 Kh7 30. gxh5 Qxh5 31. Qxh5 gxh5 32. Rf1 c4 33. Nd6 cxd3
34. cxd3 Rxd3 35. Nxf7 Bf8 36. Ne5 Rd2 37. Rf5 Kh6 38. Nd7 Bd6 39. f7 Rxh2+ 40.
Kg1 Rxb2 41. Rd5 Be7 42. Re5 Ba3 43. Rd5 Rxa2 44. Rxd4 a5 45. Rd5 Rb2 46. Ne5
Kg7 47. Rd3 Bc5+ 48. Kh1 h4 49. Rf3 Rb1+ 50. Kg2 Rb2+ 51. Kh3 a4 52. Rf1 a3 53.
Kxh4 Be7+ 54. Kg4 a2 55. Ra1 b4 56. Kf5 Rf2+ 57. Ke6 Bc5 58. Rg1+ Kh6 59. Ng4+
Kh5 60. Nxf2 b3 61. Rh1+ Kg6 62. Nd3 Ba3 63. Nb2 Kg5 64. Nc4 Bc5 65. Ra1 Kf4
66. Nd2 Ke3 67. Nxb3 Bf8 68. Rxa2 Kd3 69. Na5 Kd4 70. Nc6+ Kc5 71. Ne7 Kb6 72.
Ra8 Bh6 73. Nf5 Kb7 74. Re8 1-0

[Event "14. Bayer Open"]
[Site "Leverkusen"]
[Date "2016.01.18"]
[Round "2.49"]
[White "Ipekyilmaz, Tayfun"]
[Black "Holz, Peter"]
[Result "1/2-1/2"]
[WhiteElo "1600"]
[BlackElo "1306"]
[PlyCount "95"]
[EventDate "2016.??.??"]
[WhiteTeam "Langenfelder SF"]
[BlackTeam "Pulheimer SC"]

1. e4 e5 2. f4 exf4 3. Nf3 Nf6 4. e5 Nd5 5. Bc4 Nb6 6. Bb3 Be7 7. d4 Bh4+ 8.
Nxh4 Qxh4+ 9. Kf1 Nc6 10. c3 Na5 11. Qf3 Nxb3 12. axb3 g5 13. c4 d6 14. exd6
cxd6 15. Nc3 O-O 16. g3 Qh3+ 17. Kf2 Bg4 18. Qg2 Qxg2+ 19. Kxg2 f3+ 20. Kf2 h6
21. h3 Bh5 22. g4 Bg6 23. Kxf3 a6 24. Re1 f5 25. Kg3 f4+ 26. Kf2 Rae8 27. Bd2
Bc2 28. c5 dxc5 29. dxc5 Nd7 30. Rxe8 Rxe8 31. c6 bxc6 32. Rxa6 Ne5 33. Rb6 Rd8
34. Be1 Nd3+ 35. Kf1 Rd6 36. Nb5 Re6 37. Bc3 Ne5 38. Nd4 Bd3+ 39. Kf2 Re8 40.
Nxc6 Nxc6 41. Rxc6 Re2+ 42. Kg1 f3 43. Bd4 Rg2+ 44. Kh1 Be4 45. Re6 Re2 46. Kg1
Rg2+ 47. Kf1 Bd3+ 48. Ke1 1/2-1/2

[Event "14. Bayer Open"]
[Site "Leverkusen"]
[Date "2016.01.18"]
[Round "2.50"]
[White "Hegmann, Werner"]
[Black "Barche, Uwe"]
[Result "1-0"]
[WhiteElo "1551"]
[BlackElo "1274"]
[PlyCount "59"]
[EventDate "2016.??.??"]
[WhiteTeam "SV Opladen"]
[BlackTeam "SG Solingen"]

1. e4 e6 2. d4 d5 3. exd5 exd5 4. Bd3 Nf6 5. h3 Be7 6. f4 O-O 7. Qf3 Nbd7 8.
Ne2 Re8 9. O-O c6 10. g4 h6 11. c3 a5 12. a3 c5 13. h4 c4 14. Bc2 Nf8 15. g5
hxg5 16. fxg5 Bg4 17. Qg2 Qd7 18. Nf4 Nh5 19. Qxd5 Nxf4 20. Qxd7 Nxd7 21. Bxf4
a4 22. Nd2 b5 23. Rfe1 Ra6 24. Kf2 Nf8 25. Kg3 Bh5 26. Re5 Rb6 27. Rae1 Ng6 28.
Bxg6 Bxg6 29. Rxe7 Rxe7 30. Rxe7 1-0

[Event "14. Bayer Open"]
[Site "Leverkusen"]
[Date "2016.01.18"]
[Round "2.51"]
[White "Johann, Hans Werner"]
[Black "Kopernok, Ingo"]
[Result "0-1"]
[WhiteElo "1339"]
[BlackElo "1341"]
[PlyCount "110"]
[EventDate "2016.??.??"]
[WhiteTeam "TV Witzhelden"]
[BlackTeam "SG Solingen"]

1. d4 d5 2. e3 Nf6 3. Nf3 Bf5 4. Bd3 Ne4 5. Nbd2 e6 6. a3 Bd6 7. Be2 Nd7 8.
Nxe4 Bxe4 9. g3 Qe7 10. O-O h5 11. Nh4 g5 12. Ng2 h4 13. Bd3 Bxg2 14. Kxg2 hxg3
15. hxg3 O-O-O 16. Bd2 Nf6 17. Qe2 Ne4 18. Bxe4 dxe4 19. f4 Rh6 20. c4 Rdh8 21.
Rh1 c6 22. Rxh6 Rxh6 23. c5 Bc7 24. Rh1 gxf4 25. exf4 Rxh1 26. Kxh1 f5 27. b4
Qd7 28. Be3 Qd5 29. Qc2 Bd8 30. Kg2 Bf6 31. Qb2 Qc4 32. Kf2 Qd3 33. Qa2 Kd7 34.
Qb2 Qd1 35. Qe2 Qa1 36. Qd2 Qxa3 37. Ke2 Qa1 38. Qd1 Qa6+ 39. Kf2 Qa2+ 40. Qe2
Qb1 41. Qe1 Qb2+ 42. Qe2 Qxb4 43. Qh5 a5 44. Qf7+ Be7 45. Qh5 a4 46. g4 fxg4
47. f5 Qb2+ 48. Kg3 a3 49. fxe6+ Kxe6 50. Qe5+ Kd7 51. Qf5+ Kd8 52. Bg5 Qb3+
53. Kxg4 Qf3+ 54. Qxf3 exf3 55. Bc1 f2 0-1

[Event "14. Bayer Open"]
[Site "Leverkusen"]
[Date "2016.01.18"]
[Round "2.52"]
[White "Elshani, Shaip"]
[Black "Scheunemann, Uwe"]
[Result "1-0"]
[WhiteElo "1582"]
[BlackElo "1446"]
[PlyCount "67"]
[EventDate "2016.??.??"]
[WhiteTeam "SC Bayer Leverkusen"]
[BlackTeam "TV Witzhelden"]

1. e4 e6 2. d4 d5 3. e5 Nc6 4. c3 a6 5. Nf3 b5 6. Bd3 Nge7 7. Qc2 Ng6 8. h4 Be7
9. h5 Nf8 10. b4 Bb7 11. a3 Na7 12. Nbd2 c6 13. Nb3 h6 14. Nc5 Qc7 15. a4 Bxc5
16. bxc5 Nd7 17. a5 O-O-O 18. g4 f6 19. Bf4 fxe5 20. Nxe5 Nxe5 21. Bxe5 Qf7 22.
f4 Kd7 23. f5 Ke8 24. fxe6 Qxe6 25. Bf5 Qe7 26. O-O-O Qg5+ 27. Kb2 Bc8 28. Rde1
Kf8 29. Rhf1 Kg8 30. Bb8 Bxf5 31. Rxf5 Qh4 32. Bc7 Qxe1 33. Bxd8 Nc8 34. Re5
1-0

[Event "14. Bayer Open"]
[Site "Leverkusen"]
[Date "2016.01.18"]
[Round "2.53"]
[White "Haag, Helmut"]
[Black "Milz, Ulrich"]
[Result "1-0"]
[WhiteElo "1394"]
[BlackElo "1474"]
[PlyCount "80"]
[EventDate "2016.??.??"]
[WhiteTeam "Langenfelder SF"]
[BlackTeam "SC Bayer Leverkusen"]

1. d4 b6 2. Nf3 e6 3. c4 a6 4. Nc3 Bb7 5. e3 Nf6 6. g3 Nc6 7. Bg2 Ne7 8. O-O g5
9. Re1 Ng6 10. Ne5 Bxg2 11. Nxg6 fxg6 12. Kxg2 h5 13. Qd3 Rg8 14. e4 Nh7 15. e5
g4 16. f3 gxf3+ 17. Qxf3 Ra7 18. Rf1 Qa8 19. d5 Kd8 20. Ne4 Bg7 21. Qf7 Rf8 22.
Qxg7 Rxf1 23. Kxf1 exd5 24. Qxh7 dxe4 25. Bg5+ Kc8 26. Qg8+ Kb7 27. Qxa8+ Rxa8
28. Re1 Kc6 29. Rxe4 Re8 30. b4 d5 31. cxd5+ Kxd5 32. Re3 Rxe5 33. Rxe5+ Kxe5
34. Bf4+ Kd5 35. Bxc7 Kc6 36. Bf4 Kb5 37. Kf2 Kxb4 38. Be3 b5 39. Kf3 Kc3 40.
Kf4 Kc2 {Ab hier ist die Notation nicht mehr nachvollziehbar.} 1-0

[Event "14. Bayer Open"]
[Site "Leverkusen"]
[Date "2016.01.18"]
[Round "2.54"]
[White "Falge, Rainer"]
[Black "Dörper, Georg"]
[Result "1/2-1/2"]
[WhiteElo "1536"]
[BlackElo "1340"]
[PlyCount "56"]
[EventDate "2016.??.??"]
[WhiteTeam "SG Solingen"]
[BlackTeam "SF Düsseldorf-Süd"]

1. e4 c5 2. f4 d6 3. Nf3 Nc6 4. Bc4 e6 5. Nc3 Nf6 6. d3 Be7 7. Bd2 O-O 8. Qe2
Na5 9. Bb3 Nxb3 10. axb3 Bd7 11. O-O a6 12. Nd1 Bb5 13. c4 Bc6 14. Nf2 b5 15.
e5 Bxf3 16. Qxf3 dxe5 17. fxe5 Nd7 18. Rfe1 Qc7 19. Qg3 Kh8 20. Bf4 Qc6 21. Ng4
Rg8 22. Rf1 bxc4 23. bxc4 Qb6 24. Rab1 Raf8 25. Rf2 Qd8 26. Qe3 Bh4 27. g3 Be7
28. Rbf1 g5 1/2-1/2

[Event "14. Bayer Open"]
[Site "Leverkusen"]
[Date "2016.01.18"]
[Round "2.55"]
[White "Roder, Stephan"]
[Black "Skiber, Friedel"]
[Result "0-1"]
[WhiteElo "1360"]
[BlackElo "1499"]
[PlyCount "146"]
[EventDate "2016.??.??"]
[WhiteTeam "Bergische SF"]
[BlackTeam "SG Solingen"]

1. d4 d6 2. e4 g6 3. Be3 Bg7 4. Nf3 Nf6 5. Nbd2 O-O 6. c3 a6 7. Be2 b5 8. O-O
Bb7 9. e5 Ng4 10. Bf4 Nc6 11. h3 dxe5 12. hxg4 exf4 13. Nb3 Qd5 14. Qc1 Bh6 15.
g5 Bxg5 16. c4 Qf5 17. Nc5 Nxd4 18. Nxd4 Qxc5 19. Nb3 Qf5 20. f3 e5 21. cxb5
axb5 22. Bxb5 Rac8 23. Nc5 c6 24. Bd3 e4 25. Bxe4 Qe5 26. Rd1 Bh4 27. Nd7 Qb5
28. Qxf4 Bg5 29. Qg3 Rfe8 30. Bd3 Qa5 31. f4 Be7 32. f5 Qb4 33. Bf1 Bh4 34. Qc3
Qe7 35. g3 Bg5 36. f6 Be3+ 37. Kh2 Qe4 38. Bg2 Qf5 39. Bh3 Qf2+ 40. Bg2 c5 41.
Rg1 Ba6 42. Qe1 Qf5 43. Qa5 Bxg1+ 44. Kxg1 Qxd7 45. Qxa6 Qd4+ 46. Kh2 Qxb2 47.
Re1 c4 48. Rxe8+ Rxe8 49. Qxc4 Qxf6 50. a4 Qe5 51. Qb4 Rb8 52. Qd2 Qb2 53. Qf4
Qb4 54. Qe5 Qb2 55. Qc7 Qb6 56. Qf4 h5 57. Bd5 Rf8 58. Qe5 Qf2+ 59. Bg2 f6 60.
Qd5+ Kg7 61. Qd7+ Rf7 62. Qd1 Ra7 63. Qa1 Qc2 64. a5 Qd2 65. a6 Qe2 66. Qb1
Qxa6 67. Qd1 Qe6 68. Qc1 Qe5 69. Qc6 Re7 70. Qc2 h4 71. Kg1 Qxg3 72. Kh1 Re1+
73. Bf1 Rxf1# 0-1

[Event "14. Bayer Open"]
[Site "Leverkusen"]
[Date "2016.01.18"]
[Round "2.56"]
[White "Janssen, Wolfgang"]
[Black "Lehmann, Thomas"]
[Result "1-0"]
[WhiteElo "1588"]
[BlackElo "1331"]
[PlyCount "71"]
[EventDate "2016.??.??"]
[WhiteTeam "SV Dormagen"]
[BlackTeam "SV Sindorf"]

1. e4 e6 2. d3 d5 3. Nd2 Nf6 4. Ngf3 dxe4 5. dxe4 Be7 6. g3 b6 7. Bg2 Bb7 8.
Qe2 O-O 9. O-O Nc6 10. e5 Nd7 11. Re1 Re8 12. Nf1 Nf8 13. h4 h6 14. Bf4 Ng6 15.
Bc1 Rb8 16. h5 Nh8 17. Be3 Qc8 18. g4 f6 19. Bf4 Nf7 20. Ng3 Ng5 21. c3 Nd8 22.
Nh4 Bxg2 23. Kxg2 Qb7+ 24. f3 Rf8 25. Ng6 Rf7 26. Rad1 c6 27. Nxe7+ Qxe7 28.
exf6 Qxf6 29. Bxb8 Nxf3 30. Rf1 Nh4+ 31. Kg1 Qg5 32. Rxf7 Nxf7 33. Rf1 Qc5+ 34.
Qf2 Qe7 35. Ne4 Qb7 36. Bg3 1-0

[Event "14. Bayer Open"]
[Site "Leverkusen"]
[Date "2016.01.18"]
[Round "2.57"]
[White "Pfister, Jürgen"]
[Black "Rist, Kurt"]
[Result "1-0"]
[WhiteElo "1240"]
[BlackElo "1450"]
[PlyCount "53"]
[EventDate "2016.??.??"]
[WhiteTeam "SF Düsseldorf-Süd"]
[BlackTeam "SG Solingen"]

1. e4 c5 2. Nf3 d6 3. Nc3 Nc6 4. Bb5 a6 5. Bc4 Nf6 6. a4 Bg4 7. h3 Bh5 8. Be2
e6 9. d4 cxd4 10. Nxd4 Nxd4 11. Qxd4 Bxe2 12. Nxe2 Rc8 13. c3 d5 14. Bg5 Bc5
15. Bxf6 gxf6 16. Qd3 Qb6 17. O-O Rg8 18. exd5 Rd8 19. b4 Bd6 20. Qxh7 Kf8 21.
dxe6 fxe6 22. Nd4 Be5 23. a5 Qd6 24. Rad1 Re8 25. Nf5 Bh2+ 26. Kh1 Qf4 27. Rd7
1-0

[Event "14. Bayer Open"]
[Site "Leverkusen"]
[Date "2016.02.22"]
[Round "4.1"]
[White "Rotstein, Jefim"]
[Black "Peschel, Andreas"]
[Result "1-0"]
[WhiteElo "2268"]
[BlackElo "2113"]
[PlyCount "105"]
[EventDate "2016.??.??"]
[WhiteTeam "SC Tornado Hochneukirch"]
[BlackTeam "SG Solingen"]

1. e4 c6 2. Nc3 d5 3. Nf3 Bg4 4. h3 Bxf3 5. Qxf3 e6 6. Be2 Nd7 7. O-O Ngf6 8.
d4 dxe4 9. Nxe4 Nxe4 10. Qxe4 g6 11. c4 Bg7 12. Bf4 O-O 13. Rfd1 Re8 14. Rd2 a5
15. Bf3 a4 16. Rad1 Qa5 17. Qc2 e5 18. dxe5 Nxe5 19. Be2 a3 20. b3 Rad8 21. b4
Qa8 22. Bg3 c5 23. b5 Rd4 24. f4 Nd7 25. Bf2 Rxd2 26. Qxd2 Nf6 27. Bf3 Bf8 28.
Qd3 Qa7 29. Re1 Rxe1+ 30. Bxe1 b6 31. Bg3 Be7 32. f5 Ne8 33. Bd5 Kg7 34. Bc6
Nf6 35. Be5 Kg8 36. Qc3 Nd7 37. f6 Nxe5 38. Qxe5 Bf8 39. Qe8 Qc7 40. Bd5 h5 41.
h4 Qa7 42. Kf2 Qc7 43. Ke2 Qa7 44. Kd3 Qc7 45. Kc2 Qa7 46. Kb3 Qc7 47. Kxa3
Qg3+ 48. Ka4 Qc7 49. a3 Qa7+ 50. Kb3 Qc7 51. Kb2 Kh7 52. Qxf8 Qe5+ 53. Kb3 1-0

[Event "14. Bayer Open"]
[Site "Leverkusen"]
[Date "2016.02.22"]
[Round "4.3"]
[White "Lemanczyk, Thomas"]
[Black "Grah, Ulrich"]
[Result "1-0"]
[WhiteElo "2159"]
[BlackElo "1826"]
[PlyCount "89"]
[EventDate "2016.??.??"]
[WhiteTeam "SG Solingen"]
[BlackTeam "SG Solingen"]

1. Nf3 Nf6 2. c4 g6 3. g3 Bg7 4. Bg2 O-O 5. O-O d6 6. d4 Nc6 7. Nc3 a6 8. d5
Nb8 9. Ne1 c5 10. Nd3 Nbd7 11. Rb1 Rb8 12. Qc2 b5 13. b3 bxc4 14. bxc4 Rxb1 15.
Nxb1 Ng4 16. Nd2 Nge5 17. Nf4 Nb6 18. Bb2 Bd7 19. Rb1 Ba4 20. Qc1 Qc7 21. Nd3
Nbd7 22. Ne1 Rb8 23. Kf1 Bh6 24. f4 Ng4 25. Qc3 Ngf6 26. Qa3 Nb6 27. Bxf6 exf6
28. Rxb6 Qxb6 29. Qxa4 Qb4 30. Qxb4 Rxb4 31. Ne4 Rxc4 32. Nxd6 Ra4 33. Nb7 Bf8
34. d6 Rd4 35. Nxc5 Bxd6 36. Ncd3 Ra4 37. Bd5 Kf8 38. Nc2 Ke7 39. Bb3 Ra5 40.
Nd4 Kf8 41. a4 Rh5 42. Kg2 f5 43. Nc6 f6 44. Bc4 g5 45. e3 1-0